Politický aktivismus v České republice : sociální hnutí a občanská společnost v období transformace a evropeizace /

Hlavní autor: Císař, Ondřej, 1974-
Jazyk: Čeština
Vydáno: Brno : Centrum pro studium demokracie a kultury (CDK), 2008
Vydání: 1. vyd.
Edice: Politologická řada
Témata:
Externí odkaz: Digitalizovaný dokument
Fyzický popis: 187 s. : il. ; 21 cm
Knihy
Uloženo v:
LEADER 02757nam a2200673 a 4500
001 nkc20081825436
003 CZ PrNK
005 20210313185052.0
007 ta
008 081022s2008 xr a f 000 0 cze
015 |a cnb001825436 
020 |a 978-80-7325-168-0  |q (brož.) :  |c Kč 198,00 
035 |a (OCoLC)298778399 
040 |a ABA001  |b cze  |d OLA001 
041 1 |a cze  |h eng 
043 |a e-xr--- 
045 |a x8y- 
072 7 |a 323  |x Vnitropolitický vývoj, politický život  |2 Konspekt  |9 15 
080 |a 323.21  |2 MRF 
080 |a 316.48  |2 MRF 
080 |a 323.22  |2 MRF 
080 |a 316.48:323.212  |2 MRF 
080 |a 061.2  |2 MRF 
080 |a 323  |2 MRF 
080 |a (437.3)  |2 MRF 
080 |a (048.8)  |2 MRF 
100 1 |a Císař, Ondřej,  |d 1974-  |7 xx0022048  |4 aut 
245 1 0 |a Politický aktivismus v České republice :  |b sociální hnutí a občanská společnost v období transformace a evropeizace /  |c Ondřej Císař ; [z anglického originálu ... přeložil Jiří Ogrocký] 
250 |a 1. vyd. 
260 |a Brno :  |b Centrum pro studium demokracie a kultury (CDK),  |c 2008 
300 |a 187 s. :  |b il. ;  |c 21 cm 
490 1 |a Politologická řada ;  |v sv. č. 28 
504 |a Obsahuje bibliografii a bibliografické odkazy 
648 7 |a od 1989  |7 ch462156  |2 czenas 
650 0 7 |a občanská společnost  |7 ph123633  |z Česko  |2 czenas 
650 0 7 |a sociální hnutí  |7 ph116205  |z Česko  |2 czenas 
650 0 7 |a protestní hnutí  |7 ph124669  |z Česko  |2 czenas 
650 0 7 |a aktivismus  |7 ph195477  |z Česko  |2 czenas 
650 0 7 |a nevládní instituce a organizace  |7 ph123277  |z Česko  |2 czenas 
650 0 9 |a civil society  |z Czechia  |2 eczenas 
650 0 9 |a social movements  |z Czechia  |2 eczenas 
650 0 9 |a protest movements  |z Czechia  |2 eczenas 
650 0 9 |a activism  |z Czechia  |2 eczenas 
650 0 9 |a non-governmental institutions and organizations  |z Czechia  |2 eczenas 
651 7 |a Česko  |7 ge128065  |x společnost a politika  |y 1989-  |2 czenas 
651 9 |a Czechia  |x society and politics  |y 1989-  |2 eczenas 
653 0 |a transakční aktivismus 
655 7 |a studie  |7 fd133597  |2 czenas 
655 9 |a studies  |2 eczenas 
765 0 |t Political activism in the Czech Republic  |9 Česky 
830 0 |a Politologická řada  |0 s 
856 4 1 |u http://www.digitalniknihovna.cz/mzk/uuid/uuid:bd392c70-c3c2-11e4-9541-005056827e51  |y Digitalizovaný dokument  |x NDK 
910 2 |a BOA001  |b 2-1215.334 
928 9 |a CDK (Centrum pro studium demokracie a kultury) 
990 |a BK 
995 |a 01 
991 |b 200812  |c NOV  |j 323 CÍS 
996 6 |b 2610361277  |c 2-1215.334  |l MZK  |r Sklad / do 1 hodiny  |n 1  |p p.v.  |w 000922585  |u 000010  |a 1  |e BOA001  |j MZK50  |s P 
996 7 |b 2610369399  |c 2-1215.334  |l Vol.výběr  |r VV 0p  |n 20  |p kup  |h 323 CÍS  |w 000922585  |u 000020  |a 0  |e BOA001  |j MZK50  |s A